00000000nam##2200000za#4500
0019.623467
003CaOODSP
00520200327174445
007ta
008150406|1995||||xxc|||||     f|0| 0 fre|d
020 |a0-662-80468-6
040 |aCaOODSP|bfre
043 |an-cn---
0861 |aA54-8/1995-4F
1101 |aCanada. |bAgriculture et agroalimentaire Canada. |bDirection générale de la recherche.
24510|aLes ressources zoogénétiques du Canada: les races caprines au Canada / |cPréparé sous la direction de J. N. B. Shrestha.
260 |aOttawa - Ontario : |bAgriculture et Agroalimentaire Canada. |c1995.
300 |a112p. ; |c28 cm.
4901 |aBulletin technique|v1995-4F
563 |aCouverture souple
590 |a95-44|b1995-11-03
69107|aÉlevage|2gcpds
7201 |aShrestha, J. N. B.
7760#|tRessources zoogénétiques du Canada |w(CaOODSP)9.608402
830#0|aBulletin technique ;|v1995-4F|w(CaOODSP)9.512830